Quizz - Harry Potter et l’Ordre du Phénix - Statistiques

Statistiques générales
  • Ce quiz a été pris 83 fois
  • Le résultat moyen est 10 sur 15
Statistiques - réponses
Hint Réponse % Correct
Mangemort qui a torturée les parents de Neville Londubat jusqu’à ce qu’ils deviennent fous {Bellatrix} Lestrange
97%
Petite amie de Harry Potter Cho Chang
96%
Nouvelle Professeure de Défense contre les Forces du Mal Dolores Ombrage
90%
Qui est Bellatrix Lestrange pour Sirius Black ? Sa cousine
90%
Ministre de la Magie {Cornelius} Fudge
87%
Écrite sur la main de Harry : « Je ne dois pas… » {Mentir}
86%
Prénom de Tonks, qu’elle n’aime pas Nymphadora
81%
Créature que seuls Harry et Luna sont capables de voir… Les Sombrals
74%
Demi-frère d’Hagrid Graup
62%
Magazine que dirige le père de Luna Lovegood Le Chicaneur
61%
Quartier général de L’Ordre du Phénix 12 Square Grimmaurd
55%
Poste qu’occupe Ron Weasley et Hermione Granger Préfets de Gryffondor
55%
Cours que dispensent Severus Rogue à Harry L’Occlumancie
38%
Petit ami de Ginny Weasley qui est à Serdaigle {Michael} Corner
28%
Patronus de Cho Chang Un Cygne
25%
Aucun quiz correspondant
Distribution des résultats
% des personnes avec chaque résultat
Percentile par nombre de réponses
Votre historique - résultats
Vous n’avez pas pris ce quiz